Capital Cities - Sudden Death - Statistics

General Stats
  • This quiz has been taken 281,638 times
    281,623 since last reset
  • The average score is 15 of 28
Answers on the Grid
Answers color-coded by a green-red scale on the quiz's grid according to % correct below.
Ankara
Athens
Auckland
Baghdad
Baku
Bangkok
Belmopan
Bogotá
Cape Town
Dubai
Dublin
Fallujah
Freetown
Hamburg
Havana
Helsinki
Jos
Lagos
Leeds
Lima
London
Manila
Marrakesh
Medellin
Memphis
Monrovia
Moscow
Mumbai
Nairobi
New York
Omsk
Oslo
Porto
Riyadh
Rome
São Paulo
Seoul
Split
Surabaya
Suva
Sydney
Tbilisi
Tijuana
Tokyo
Toronto
Tunis
Turin
Vienna
Waikiki
Warsaw
 
Answer Stats
Answer % Correct
Athens
89%
Ankara
78%
Bangkok
73%
Dublin
73%
Helsinki
66%
Baghdad
64%
London
63%
Bogotá
60%
Baku
57%
Moscow
55%
Havana
54%
Oslo
54%
Lima
52%
Manila
50%
Seoul
50%
Cape Town
49%
Rome
49%
Tokyo
48%
Vienna
45%
Warsaw
45%
Nairobi
42%
Tunis
42%
Riyadh
41%
Freetown
40%
Tbilisi
40%
Belmopan
35%
Monrovia
30%
Suva
25%
No matching quizzes found
Score Distribution
Percent of People with Each Score
Percentile by Number Answered
Your Score History
You have not taken this quiz since the last reset